000
00286nam a2200109 4500
008
160704b xxu||||| |||| 00| 0 eng d
100
_9
1991
_a
Varma, B.G
245
_a
Great Institutions
260
_a
N.D
_b
Children Book Trust
_c
2000
300
_a
Great Institutions
942
_2
ddc
_c
BK
999
_c
1692
_d
1692